00522cam a22001931 4500001001300000003000400013005001700017008004100034010001700075035002000092040003200112042001200144050001900156100003400175245003100209260003800240300003500278999001500313af 47001964 DLC20260227110811.0920930s1944 it 000 0 ita c aaf 47001964  a(OCoLC)26703597 aYale univ. LibrarycCUdDLC apremarc00aPQ4809.H34bK31 aChiarelli, Luigi,d1880-1947.10aKarakè e altri racconti. a[Roma]bEditoriale romanac[1944] a1 p. l., 5-221, [1] p.c21 cm. c1487d1487